Statystyki dla Zgadnij stolicę państwa europejskiego

Kliknij tutaj aby rozwiązać quiz!

Ogólne statystyki

  • Ten quiz został rozwiązany 19 razy
  • Średni wynik to 13 z 15

Statystyki odpowiedzi

HintOdpowiedź% Poprawnych
NiemcyBerlin
100%
NorwegiaOslo
100%
FrancjaParyż
100%
CzechyPraga
100%
WłochyRzym
100%
AustriaWiedeń
95%
FinlandiaHelsinki
89%
PortugaliaLizbona
89%
HiszpaniaMadryt
89%
ChorwacjaZagrzeb
89%
WęgryBudapeszt
84%
SłowacjaBratysława
79%
LichtensteinVaduz
79%
AlbaniaTirana
68%
CzarnogóraPodgorica
58%

Rozkład punktacji

Percentyl według liczby udzielonych odpowiedzi

Procent ludzi z każdym wynikiem

Twoja historia wyników

Nie rozwiązałeś tego quizu